| 000 | 00749nam a22002417a 4500 | ||
|---|---|---|---|
| 999 |
_c17184 _d17184 |
||
| 003 | AR-CdUCM | ||
| 008 | 190503b ||||| |||| 00| 0 spa d | ||
| 040 |
_aMUNICIPALIDAD PROVINCIAL DEL CUSCO _cBIBLIOTECA MUNICIPAL DEL CUSCO |
||
| 082 |
_a891.32 / _bD93 |
||
| 100 |
_aDostoievski, Fedor Mikhaylovich _935826 |
||
| 245 | _aEl idiota / | ||
| 260 |
_aBarcelona : _bIberia, _c1962. |
||
| 300 |
_a377 páginas ; _c19 cm. |
||
| 440 |
_aObras Maestras. _n1. _937051 |
||
| 505 | _aContenido: v.1: Novela. | ||
| 650 |
_aNovelas Rusas _92132 |
||
| 650 |
_aLiteratura Rusa _910457 |
||
| 650 |
_aSiglo XX _98 |
||
| 700 |
_aZaitsev, Sergio _935828 |
||
| 700 |
_aLuaces, Juan D. de (traductores) _935829 |
||
| 942 |
_2ddc _cLIBROS |
||
| 945 |
_arum _d2019-05-07 |
||